Můry /
Uloženo v:
| Hlavní autor: | |
|---|---|
| Médium: | Kniha |
| Jazyk: | Czech |
| Vydáno: |
Praha :
Dobrovský s.r.o.,
2026
|
| Edice: | Kontrast
|
| Celkem bylo vypůjčeno: | 0x |
| Tagy: |
Žádné tagy |
| LEADER | 00856nam a2200277 i 4500 | ||
|---|---|---|---|
| 001 | 106448 | ||
| 003 | CZ PrNK | ||
| 005 | 20260603075511.0 | ||
| 007 | ta | ||
| 008 | 260529s2026 xr 000 f cze | ||
| 015 | |a cnb003761195 | ||
| 020 | |a 9788027764341 |q (vázáno) : |c Kč 399,00 | ||
| 040 | |a ABG001 |b cze |e rda | ||
| 100 | 1 | |a Střihavková, Eva, |d 1990- |7 xx0248886 |4 aut |9 114645 | |
| 245 | 1 | 0 | |a Můry / |c Eva Střihavková |
| 264 | 1 | |a Praha : |b Dobrovský s.r.o., |c 2026 | |
| 300 | |a 294 stran ; |c 21 cm | ||
| 336 | |a text |b txt |2 rdacontent | ||
| 337 | |a bez média |b n |2 rdamedia | ||
| 338 | |a svazek |b nc |2 rdacarrier | ||
| 490 | 1 | |a Kontrast | |
| 830 | 0 | |a Kontrast | |
| 910 | |a UOG502 | ||
| 942 | |2 ddc |c KN | ||
| 999 | |d 106448 | ||
| 993 | |0 0 |1 421180107164 |2 ddc |4 0 |7 0 |9 99877 |b 0 |c 107164 |d 2026-06-03 |e 0 |f DOSP |h 399.00 |i Koupě |l DOSP |r 2026-06-05 |t 6 |w 2026-06-03 |y KN |z BELET |n | ||